Meranie prietoku a množstva. Zborník prednášok : Konf

Saved in:
Bibliographic Details
Format: Book
Language:Slovak
Published: Žilina : Dom techniky, 1991
Tags: Add Tag
No Tags, Be the first to tag this record!

MARC

LEADER 00000nam a22000003a 4500
001 stu31366
005 20150408162348.3
008 931025s1991----xo------------------slo-d
020 |a 80-231-0204-4 
040 |a STU  |b slo 
041 0 |a slo 
044 |a xo 
080 |a 532.57 
245 |a Meranie prietoku a množstva. Zborník prednášok :  |b Konf 
260 |a Žilina :  |b Dom techniky,  |c 1991 
300 |a 146 s 
996 |b J87919  |c J*87919  |l JJK14  |s P  |a 0  |w stu31366_0001